Proceedings (Record no. 492238)

000 -LEADER
fixed length control field 00465cam a22001337a 4500
008 - FIXED-LENGTH DATA ELEMENTS--GENERAL INFORMATION
fixed length control field 180718b1999 xxu||||| |||| 00| 0 eng d
082 ## - DEWEY DECIMAL CLASSIFICATION NUMBER
Classification number O065x54 C832/1
100 ## - MAIN ENTRY--PERSONAL NAME
Personal name International Workshop on Certification of Causes of Death (February 22-24, 1999: Tata Institute of Fundamental Research, Mumbai)
245 ## - TITLE STATEMENT
Title Proceedings
260 ## - PUBLICATION, DISTRIBUTION, ETC.
Place of publication, distribution, etc. Mumbai
Name of publisher, distributor, etc. Birhanmumbai Municipal Corporation
Date of publication, distribution, etc. 1999
300 ## - PHYSICAL DESCRIPTION
Extent 68p.
650 ## - SUBJECT ADDED ENTRY--TOPICAL TERM
Topical term or geographic name entry element Mortality - India
650 ## - SUBJECT ADDED ENTRY--TOPICAL TERM
Topical term or geographic name entry element Death - Causes
Holdings
Withdrawn status Lost status Damaged status Not for loan Permanent Location Current Location Date acquired Full call number Barcode Date last seen Price effective from Koha item type
        Indian Institute of Public Administration Indian Institute of Public Administration 2018-08-04 O065x54 C832/1 GR16109 2018-08-04 2018-08-04 GR

Powered by Koha